000 00892nam a22003137a 4500
003 CHAP
005 20220329134745.0
008 971013s1964 r 00010 d
010 _a25345
011 _a26317
035 _a30418
040 _cCHAP
082 _a552
_bB78 1964
100 0 0 _aBruhns, W.
_915756
245 _aPetrografía
260 _aMéxico, D. F. :
_bUTHEA,
_c1964
300 _a125 p.
_b: ilus.
490 _aManuales UTHEA
_v; 120
590 _aBATCH-UPD
_b10
_c20130110
_lUCH01
_h0941
590 _aBATCH-UPD
_b10
_c20130410
_lUCH01
_h0557
590 _aBATCH-UPD
_b10
_c20130914
_lUCH01
_h1911
590 _aCONVERSION
_b10
_c20130109
_lUCH01
_h1315
650 1 4 _aPetrología.
_987654
700 0 _aRamdohr, P.
_993825
830 0 _aManuales UTHEA
_v; 120
_970713
901 _aBK
942 _cLIBRO
949 _a552 B78 1964
_bBC
_cLIBRO
_d-70584
_eLIBRO
_h7872
_i30418
_si
999 _c25345
_d25345